000 01155nam0a2200325 4500
001 RU\NLR\ONL2\3396
005 20250613124939.0
010 _a5-09-005230-1
_9700
035 _a(NLR Aleph) 009650997
090 _a9573192
_c9573192
100 _a20050606d2003 |||y0rusy50 ca
101 0 _atun
102 _aRU
105 _aa |||||||||
200 1 _aЭвенкийский язык
_eУчеб. для 2 кл. общеобразоват. шк.
_fН. Я. Булатова
205 _a4-е изд.
_bдораб.
210 _aСПб.
_cПросвещение. Фил. изд-ва
_d2003
215 _a134,[2] с.
_cцв. ил.
_d21
300 _aЗагл. пер.: Эвэды турэн 2.
512 1 _aЭвэды турэн 2.
606 0 _aЭвенкийский язык
_91445086
_3RU\NLR\auth\66611845
686 1 _aШ165.11-921
700 1 _4070
_7ca
_8rus
_aБулатова
_bН. Я.
_f1946-
_gНадежда Яковлевна
_9193061
_3RU\NLR\AUTH\770193112
801 0 _aRU
_bNLR
_c20050606
_gPSBO
852 _aNLR
_bОНЛ
_jЭвенк./3-221
942 _cBOOK
980 _aNB
980 _aONL_RF